Statystyki dla Komu lub czemu najczęściej robimy zdjęcia na media społecznościowe?

Kliknij tutaj aby rozwiązać quiz!

Ogólne statystyki

  • Ten quiz został rozwiązany 9 razy
  • Średni wynik to 3 z 6

Statystyki odpowiedzi

Odpowiedź% Poprawnych
Sobie
88%
Zwierzętom
63%
Jedzeniu
50%
Dzieciom
25%
Znajomym
25%
Budynkom
13%

Rozkład punktacji

Percentyl według liczby udzielonych odpowiedzi

Procent ludzi z każdym wynikiem

Twoja historia wyników

Nie rozwiązałeś tego quizu